00478nam a22001577a 450000500170000000800410001708200220005810000190008024500410009926000370014030000130017765000170019094200060020795200940021399900130030720240221071210.0240221b |||||||| |||| 00| 0 eng d 222a320.54.bIMA. aImayavaramban. aOn national relations in Sri Lanka : aMadras :bChennai Books /c1988. a116, p., aNationalism. cL 001040708LaWERCLbWERCLd2024-02-21l0o320.54. IMA.p476.r2024-02-21w2024-02-21yL c462d462